The 10 Most polluted countries - Statistics

General Stats
  • This quiz has been taken 20 times
  • The average score is 7 of 10
Answer Stats
first letter Answer % Correct
I India
95%
B Bangladesh
89%
P Pakistan
89%
D D.R. Congo
79%
U Uganda
79%
U Uzbekistan
74%
C Chad
68%
T Tajikistan
63%
E Egypt
42%
K Kuwait
42%
No matching quizzes found
Score Distribution
Percent of People with Each Score
Percentile by Number Answered
Your Score History
You have not taken this quiz